ՀՀ Գիտությունների ազգային ակադեմիայի հիմնարար գիտական գրադարան  =   Fundamental Scientific Library of NAS RA

Երկեր / (Record no. 454122)

MARC details
000 -LEADER
fixed length control field 00741nam a2200205 u 4500
003 - CONTROL NUMBER IDENTIFIER
control field AM-YEHGA
040 ## - CATALOGING SOURCE
Original cataloging agency AM-YeHGA
090 ## - LOCALLY ASSIGNED LC-TYPE CALL NUMBER (OCLC); LOCAL CALL NUMBER (RLIN)
-- 457106
001 - CONTROL NUMBER
control field 000020032
005 - DATE AND TIME OF LATEST TRANSACTION
control field 20250618075329.0
008 - FIXED-LENGTH DATA ELEMENTS--GENERAL INFORMATION
fixed length control field 980609s1948 ||||||||||||||||||||arm d
041 0# - LANGUAGE CODE
Language code of text/sound track or separate title arm
100 1# - MAIN ENTRY--PERSONAL NAME
Personal name Ծատուրյան, Ալեքսանդր Հովսեփի,
Dates associated with a name 1865-1917
9 (RLIN) 1663
245 10 - TITLE STATEMENT
Title Երկեր /
Statement of responsibility, etc. Ա. Ծատուրյան ; Կազմ. և խմբ.՝ Հ. Մկրտչյան.
260 ## - PUBLICATION, DISTRIBUTION, ETC.
Place of publication, distribution, etc. Երևան :
Name of publisher, distributor, etc. Հայպետհրատ ,
Date of publication, distribution, etc. 1948.
300 ## - PHYSICAL DESCRIPTION
Extent 614 էջ, 1 թ.դիմանկ.
650 14 - SUBJECT ADDED ENTRY--TOPICAL TERM
Topical term or geographic name entry element Գեղարվեստական գրականություն
700 1# - ADDED ENTRY--PERSONAL NAME
Personal name Մկրտչյան, Հարություն Գաբրիելի,
Dates associated with a name 1903-1992
Relator term խմբ.
Relationship edt
9 (RLIN) 1865
942 ## - ADDED ENTRY ELEMENTS (KOHA)
Source of classification or shelving scheme Universal Decimal Classification
Koha item type Գրքեր / Books
Holdings
Withdrawn status Lost status Damaged status Not for loan Collection Home library Current library Date acquired Total checkouts Full call number Barcode Date last seen Price effective from Koha item type Public note
        Kusikian Individual Collection Fundamental Scientific Library Fundamental Scientific Library 03/11/2020   Կուս/1346 FL0629422 03/11/2020 03/11/2020 Գրքեր / Books ILL Non-Circ


ՀՀ ԳԱԱ հիմնարար գիտական գրադարան
ՀՀ,Երևան 0019
Մարշալ Բաղրամյան 24/6
հեռախոս:(374-10) 52-47-50
Հետադարձ կապ

All site content, except where otherwise noted, is licensed under a
Creative Commons License